Statistics for Countries of Africa Without a Map

Click here to take the quiz!

General Stats

  • This quiz has been taken 35 times
    (18 since last reset)
  • The average score is 50 of 54

Answer Stats

InitialCountries% Correct
AAlgeria
100%
BBotswana
100%
CChad
100%
EEthiopia
100%
GGhana
100%
MMali
100%
RRwanda
100%
SSouth Africa
100%
ZZambia
100%
ZZimbabwe
100%
AAngola
94%
BBurundi
94%
CCameroon
94%
DDemocratic Republic
of the Congo
94%
DDjibouti
94%
EEgypt
94%
EEquatorial Guinea
94%
EEritrea
94%
GGuinea
94%
KKenya
94%
LLesotho
94%
LLiberia
94%
LLibya
94%
MMadagascar
94%
MMauritania
94%
MMauritius
94%
MMorocco
94%
NNamibia
94%
RRepublic of
the Congo
94%
SSeychelles
94%
TTanzania
94%
TTogo
94%
UUganda
94%
BBenin
88%
BBurkina Faso
88%
CCentral African
Republic
88%
EEswatini
88%
GGabon
88%
GGambia
88%
GGuinea-Bissau
88%
IIvory Coast
88%
MMalawi
88%
MMozambique
88%
NNiger
88%
NNigeria
88%
SSenegal
88%
SSierra Leone
88%
SSouth Sudan
88%
SSudan
88%
TTunisia
88%
CCape Verde
82%
CComoros
82%
SSomalia
82%
SSao Tome and
Principe
76%

Score Distribution

Percentile by Number Answered

Percent of People with Each Score

Your Score History

You have not taken this quiz since the last reset